00589nam a2200193Ia 4500008004100000041001200041082001100053100002200064245005800086260004600144300000900190365000800199520002000207546001200227630005800239650002000297655002000317730005800337101110s9999 xx 000 0 und d aENGLISH bMSC236 aSarkar Ramaprasad aGeneral and inorganic chemistry Part-II (in SI units) bNew central book Agency (P) Ltd., Kolkata a1280 b485 aM.Sc. Chemistry aENGLISH aGeneral and inorganic chemistry Part-II (in SI units) aM.Sc. Chemistry aM.Sc. Chemistry aGeneral and inorganic chemistry Part-II (in SI units)